000 01114nam a22001937a 4500
003 JO-AjAnu
005 20240918114039.0
008 240918b jo ||||| |||| 00| 0 ara d
040 _aJO-AjAnu
_cJO-AjAnu
041 _aara
100 1 _aطبيشات، محمد نصري موسى
_966210
_eمعد
245 0 _aاثر استراتيجية العمليات الإنتاجية في ادامة الميزة التنافسية في الشركات الصناعية الغذائية = The Impact of Production Operations Strategy on Sustanining Competitive Advantage in Food industry Companies /
_cإعداد محمد نصري موسى طبيشات؛ إشراف نضال فواز حسين القضاة
260 _c2024
300 _a107 ورقة
500 _aرسالة جامعية (ماجستير) .- جامعة عجلون الوطنية (عجلون، الأردن)، كلية الأعمال ، تخصص إدارة الأعمال ، 2024
650 7 0 _aادارة العمليات الانتاجية
_966213
700 1 _aالقضاة، نضال فواز حسين
_964939
_eمشرف
942 _2lcc
_cTHS
_n0
999 _c33687
_d33687